000 00817cam a2200253 a 4500
003 OSt
005 20251118161404.0
008
020 _a9780073528151 (Paperback)
040 _cNUST
_aNUST
_beng
_dNUST
_erda
050 _aHM821 MAR
100 1 _aMarger, Martin
_eAuthor
245 1 0 _aSocial inequality :
_bpatterns and processes /
_cMartin N. Marger.
260 _aBoston :
_bMcGrawHill,
_c©2008.
300 _axvi, 448 pages :
_bIllustrations ;
_c24 cm.
336 _2rdacontent
_atext
_btxt
337 _2rdamedia
_aunmediated
_bn
338 _2rdacarrier
_avolume
_bnc
504 _aIncludes bibliographical references.
650 0 _aEquality.
650 0 _aSocial classes.
650 0 _aSocial structure.
942 _cBOOKS
_kHM
_mMAR
_2lcc
_hHM821 MAR
_n0
999 _c135905
_d135905